हैदराबाद मुक्तिसंग्राम का इतिहास/ (Record no. 8899)

MARC details
000 -LEADER
fixed length control field 01470 a2200241 4500
005 - DATE AND TIME OF LATEST TRANSACTION
control field 20080917150242.0
008 - FIXED-LENGTH DATA ELEMENTS--GENERAL INFORMATION
fixed length control field 080917t xxu||||| |||| 00| 0 hin d
010 ## - LCCN (DPL NO)
LC control number HIN-81761
020 ## - INTERNATIONAL STANDARD BOOK NUMBER
Terms of availability 150.00
035 ## - SYSTEM CONTROL NUMBER
System control number HN-54107
037 ## - SOURCE OF ACQUISITION
Source of stock number/acquisition पु.प्र.अ.प्र/प्रका
082 ## - DEWEY DECIMAL CLASSIFICATION NUMBER
Classification number 954.35
100 ## - MAIN ENTRY--PERSONAL NAME
Personal name लोखण्डे, चन्द्रशेखर
245 ## - TITLE STATEMENT
Title हैदराबाद मुक्तिसंग्राम का इतिहास/
Statement of responsibility, etc चन्द्रशेखर लोखण्डे
246 ## - VARYING FORM OF TITLE
Title proper/short title Hederabad muktisangram ka itihas
Remainder of title by Chandrashekher Lokhande
260 ## - PUBLICATION, DISTRIBUTION, ETC. (IMPRINT)
Place of publication, distribution, etc हिण्डौन सिटी
Name of publisher, distributor, etc श्री घूडमल प्रहलाद कुमार आर्य धर्मार्थ ट्रस्ट
Date of publication, distribution, etc 2004
260 ## - PUBLICATION, DISTRIBUTION, ETC. (IMPRINT)
Place of publication, distribution, etc नई दिल्ली
Name of publisher, distributor, etc सुबोध पॉकेट बुक्स
Date of publication, distribution, etc 2004
270 ## - ADDRESS
Address ब्यानिया पाड़ा
City हिण्डौन सिटी(राज)
Postal code 322230
Telephone number 07469-234624
270 ## - ADDRESS
Address 2/4240 ए, अंसारी रोड
City नई दिल्ली
300 ## - PHYSICAL DESCRIPTION
Extent 467पृ
Dimensions 22 सेमी (सजिल्द)
942 ## - ADDED ENTRY ELEMENTS (KOHA)
Institution code [OBSOLETE] dpl
Item type Hindi Books
Call number prefix 954.35 / लोखण्डे
Source of classification or shelving scheme Dewey Decimal Classification
Classification part 954.35
Call number suffix लोखण्डे
Holdings
Withdrawn status Lost status Source of classification or shelving scheme Damaged status Not for loan Home library Current library Date acquired Cost, normal purchase price Total Checkouts Full call number Barcode Date last seen Copy number Cost, replacement price Koha item type
    Dewey Decimal Classification     D.B.Act.Division D.B.Act.Division 17/09/2008 150.00   954.35 लोखण्डे HN-54107 15/09/2008 1 150.00 Hindi Books

© Delhi Public Library
Hit Counter
free hit counter